书目信息 |
| 题名: |
国外工具书指南
|
|
| 作者: | ||
| 分册: | ||
| 出版信息: | 北京 中国学术出版社 1984.06 |
|
| 页数: | 314页 | |
| 开本: | 16开 | |
| 丛书名: | ||
| 单 册: | ||
| 中图分类: | Z813.1 | |
| 科图分类: | ||
| 主题词: | 国家书目 | |
| 电子资源: | ||
| ISBN: | ||
| 000 | 00467nam0 2200181 45 | |
| 001 | 0006131094 | |
| 005 | 20000613100645.3 | |
| 010 | @d4.00元 | |
| 100 | @a20000613d1984 km y0chiy0120 ea | |
| 101 | 0 | @achi |
| 105 | @a z 000yy | |
| 200 | 1 | @a国外工具书指南@AGuo Wai Gong Ju Shu Zhi Nan |
| 210 | @a北京@c中国学术出版社@d1984.06 | |
| 215 | @a314页@d16开 | |
| 606 | 0 | @a国家书目 |
| 690 | @aZ813.1@v3 | |
| 801 | @aCN@bPftUser@c20000613 | |
| 905 | @b204388@dZ813.1@eL313@f1 | |
| 国外工具书指南.-北京:中国学术出版社,1984.06 |
| 314页;16开 |
| ISBN :4.00元 |
| ● |
| 相关链接 |
|
|
|
正题名:国外工具书指南
索取号:Z813.1/L313
 
预约/预借
| 序号 | 登录号 | 条形码 | 馆藏地/架位号 | 状态 | 备注 |
| 1 | 204388 | 202043886 | 自科库501/501自科库 131排2列5层/ [索取号:Z813.1/L313] | 在馆 |